Foundation in microbiology: Basic principles

Na minha lista:
Detalhes bibliográficos
Autor principal: KATHLEEN PARK TALARO
Formato: Livro
Idioma:Undetermined
Publicado em: Boston, MA Mc Graw-Hill 2002
Assuntos:
Tags: Adicionar Tag
Sem tags, seja o primeiro a adicionar uma tag!
Thư viện lưu trữ: Trung tâm Học liệu Trường Đại học Cần Thơ
LEADER 00502nam a2200169Ia 4500
001 CTU_49330
008 210402s9999 xx 000 0 und d
082 |a 579 
082 |b T137 
100 |a KATHLEEN PARK TALARO 
245 0 |a Foundation in microbiology: Basic principles 
245 0 |c KATHLEEN PARK TALARO, Arthur Talaro 
260 |a Boston, MA 
260 |b Mc Graw-Hill 
260 |c 2002 
650 |a microbiology,medical microbiology 
980 |a Trung tâm Học liệu Trường Đại học Cần Thơ